| 000 | 00000nam 2200000za 4500 |
| 001 | 9.642818 |
| 003 | CaOODSP |
| 005 | 20240207110918 |
| 007 | cr ||||||||||| |
| 008 | 150407|2005||||xxc|||||o f|0| 0 fre d |
| 040 | |aCaOODSP|bfre |
| 043 | |an-cn--- |
| 086 | 1 |aSE3-85/2005F-PDF |
| 245 | 00|aRésultats du sondage d'opinion publique de l'élection générale 2004 |h[ressource électronique]. |
| 260 | |aOttawa : |bÉlections Canada, |c2005. |
| 300 | |a69 p. : |bgraphiques |
| 500 | |a« Décembre 2005. » |
| 590 | |a14-07-Supp|b2014-04-03 |
| 691 | 07|aÉlections|2gcpds |
| 691 | 07|aSondage d'opinion|2gcpds |
| 710 | 2 |aÉlections Canada. |
| 775 | 08|tResults of the public opinion survey at the 2004 general election |w(CaOODSP)9.698807 |
| 856 | 40|ahttp://publications.gc.ca|qPDF|s1.23 Mo|uhttps://publications.gc.ca/collections/collection_2014/elections/SE3-85-2005-fra.pdf |